| 000 | 00000nam##2200000za#4500 |
| 001 | 9.697686 |
| 003 | CaOODSP |
| 005 | 20250506145324 |
| 007 | cr ||||||||||| |
| 008 | 150407|1989||||xxc|||||o f|0| 0 eng|d |
| 040 | |aCaOODSP|beng |
| 043 | |an-cn--- |
| 086 | 1 |aA73-1296/1989E-PDF |
| 110 | 1 |aCanada.|bAgriculture Canada. |
| 245 | 10|aFarming in Canada |h[electronic resource] |
| 250 | |aRevised 1989 |
| 260 | |aOttawa - Ontario : |bAgriculture Canada |c1966. |
| 300 | |a44p.|billus., maps (some coloured), photographs |
| 500 | |aHistorical publication digitized by Agriculture and Agri-Food Canada. |
| 590 | |a13-17-Supp|b2013-07-25 |
| 690 | 07|aAgri-food industry|2gcpds |
| 690 | 07|aAgriculture|2gcpds |
| 690 | 07|aFarming|2gcpds |
| 775 | 08|tL'agriculture canadienne |w(CaOODSP)9.642238 |
| 856 | 40|ahttp://publications.gc.ca|qPDF|s4.25 MB|uhttps://publications.gc.ca/collections/collection_2013/aac-aafc/agrhist/A73-1296-1989-eng.pdf |
| 986 | |a1296/E |